| 000 | 003080000a22000970004500 | ||
|---|---|---|---|
| 100 | 1 | _aGlancy, Jennifer A. | |
| 245 | 1 | 0 | _aThe mistress, slave dialect : Paradoxes of slavery in three LXX narratives |
| 300 | _aNúm 72 (1996), Páginas 71-87 | ||
| 773 | 0 | _tJournal for the Study of the Old Testament | |
| 942 | _cANA | ||
| 999 |
_c54881 _d54881 |
||